ბათუმის შოთა რუსთაველის სახელმწიფო უნივერსიტეტის ბიბლიოთეკა

Azerbaycan Culture & Tourism (ბიბ.ჩანაწერი № 50387)

000 -LEADER
fixed length control field 00430nam a2200193Ia 4500
001 - CONTROL NUMBER
control field 17329
003 - CONTROL NUMBER IDENTIFIER
control field GE_BSU
008 - FIXED-LENGTH DATA ELEMENTS--GENERAL INFORMATION
fixed length control field 181216s||||||||xx |||||||||||||| ||und||
020 ## - INTERNATIONAL STANDARD BOOK NUMBER
International Standard Book Number 9789952345728
040 ## - CATALOGING SOURCE
Transcribing agency GE_BSU
080 ## - UNIVERSAL DECIMAL CLASSIFICATION NUMBER
Universal Decimal Classification number 821.512.162-3
100 ## - MAIN ENTRY--PERSONAL NAME
Personal name Araz,Mammao
245 ## - TITLE STATEMENT
Title Azerbaycan Culture & Tourism
260 ## - PUBLICATION, DISTRIBUTION, ETC.
Place of publication, distribution, etc. Baku
260 ## - PUBLICATION, DISTRIBUTION, ETC.
Date of publication, distribution, etc. 2010
653 ## - INDEX TERM--UNCONTROLLED
Uncontrolled term Azerbaycan Culture & Tourism
942 ## - ADDED ENTRY ELEMENTS (KOHA)
Koha item type წიგნი
ეგზემპლარები
Withdrawn status Lost status Damaged status Not for loan Date acquired Barcode Date last seen Price effective from Koha item type
        2018-12-17 3702 2018-12-17 2018-12-17 წიგნი